| 000 | 01150nam a2200337Ia 4500 | ||
|---|---|---|---|
| 003 | GCL | ||
| 008 | 140319s9999 xx 000 0 ara d | ||
| 040 |
_aGCL / _cGCL |
||
| 082 | 0 | 4 |
_a382.965 _bهـ ت |
| 100 | 1 | _aعزالدين فودة (مراجع) | |
| 245 | 1 | 0 |
_aتاريخ التجارة فى الشرق الادنى فى العصور الوسطى / _cعزالدين فودة (مراجع) |
| 700 | 1 | _aهايد، ف | |
| 700 | 1 | _aاحمد محمد رضا | |
| 260 |
_aالقاهرة : _bالهيئة المصرية العامة للكتاب ، _c1994 |
||
| 300 | _a4 مج | ||
| 490 | _a | ||
| 650 | 0 | 4 | _aمصر |
| 650 | 0 | 4 | _aايران |
| 650 | 0 | 4 | _aالحروب الصليبية |
| 650 | 0 | 4 | _aالصين |
| 650 | 0 | 4 | _aالعلاقات الاقتصادية الدولية |
| 650 | 0 | 4 | _aالتجارة الخارجية |
| 650 | 0 | 4 | _aالتاريخ الاقتصادى |
| 650 | 0 | 4 | _aالتبادل التجارى |
| 650 | 0 | 4 | _aالعصور الوسطى |
| 650 | 0 | 4 | _aالشرق الادنى |
| 650 | 0 | 4 | _aالتجارة البحرية |
| 650 | 0 | 4 | _aالطرق التجارية |
| 650 | 0 | 4 | _aاوربا |
| 942 |
_2ddc _cBK |
||
| 999 |
_c29055 _d29055 |
||